Normal view
MARC view
- علم النفس-الالعاب الرياضيه
Entry Topical Term
001 - CONTROL NUMBER
- control field: 57714
003 - CONTROL NUMBER IDENTIFIER
- control field: JO-AjAnu
005 - DATE AND TIME OF LATEST TRANSACTION
- control field: 20230606083441.0
008 - FIXED-LENGTH DATA ELEMENTS
- fixed length control field: 230606|| aca||aabn | a|a d
040 ## - CATALOGING SOURCE
- Original cataloging agency: JO-AjAnu
- Transcribing agency: JO-AjAnu
150 ## - HEADING--TOPICAL TERM
- Topical term or geographic name entry element: علم النفس-الالعاب الرياضيه
670 ## - SOURCE DATA FOUND
- Source citation: Work cat.: (JO-AjAnu)29447: تاليف مقدادي،يوسف موسى، م مشارك علي محمد العمايره, author 57713, علم النفس الرياضي